Peter Carl Fabergé. Goldsmith and Jeweller to the Russian Imperial Court

Gorde:
Xehetasun bibliografikoak
Egile nagusia: Bainbridge, Henry Charles (Egilea)
Formatua: Liburua
Hizkuntza:ingelesa
Argitaratua: Londres B. T. Batsford Ltd 1949
Edizioa:1a. ed
Gaiak:
Etiketak: Etiketa erantsi
Etiketarik gabe, Izan zaitez lehena erregistro honi etiketa jartzen!

MARC

LEADER 00000cam a2200000 a 4500
001 UCJ7223
003 CL-VaPUC
008 070124e19490000UK |||||||||||||||||eng|d
020 |a 0600013073 
082 0 4 |a 739  |b BAI  |2 21 
100 0 |a Bainbridge, Henry Charles  |e author  |9 515393 
245 1 0 |a Peter Carl Fabergé. Goldsmith and Jeweller to the Russian Imperial Court 
250 |a 1a. ed 
300 |a xxiv, 295 p 
942 |c BK 
945 |d 20070124 00:00:00  |a rinostro 
260 |a Londres  |b B. T. Batsford Ltd  |c 1949 
500 |a Front., Medallón con perfil del autor.- Ilustraciones conforme con lo señalado en índice.- Advierte errata 
600 0 7 |a FEBERGE, PETER CARL  |2 CL-VaPUC  |9 515394 
650 7 |a JOYERIA  |2 CL-VaPUC  |9 515395 
650 0 |a Biografías  |9 255210 
650 7 |a ORFEBRERIA  |2 CL-VaPUC  |9 268783 
650 0 |a Iconografía   |9 267998 
650 0 |a Ilustraciones  |9 369481 
583 |a last modification  |c 20130325 02:27:13  |k Rodrigo Vera 
999 |c 323319  |d 323317 
952 |0 0  |1 0  |4 0  |6 739_000000000000000_BAI_1949  |7 0  |8 X  |9 402819  |a FDOBUD  |b FDOBUD  |d 2019-11-22  |i 105998K  |o 739 BAI 1949  |p 105998K  |r 2019-11-22  |w 2019-11-22  |y BK_X  |k BUD 
952 |0 0  |1 0  |4 0  |6 739_000000000000000_BAI_1949  |7 0  |8 R  |9 402820  |a BIBART  |b BIBART  |d 2019-11-22  |i 4950038  |l 3  |m 1  |o 739 BAI 1949  |p 4950038  |r 2025-05-09  |s 2025-05-07  |w 2019-11-22  |y BK_R  |k ART